000 01105cam a2200325 i 4500
003 EG-GICUC
005 20260311101507.0
008 260311s2003 nyu fr 001 0 eng d
020 _a1587784971
_qalk. paper
020 _a9781587784972
_q(alk. paper)
040 _aEG-GICUC
_cEG-GICUC
_dEG-GICUC
_beng
_erda
043 _an-us---
082 0 0 _a347.224
_221
092 0 4 _221
099 _aLaw 12 2003
100 1 _aStone, Katherine Van Wezel.
245 1 0 _aPrivate justice :
_bthe law of alternative dispute resolution /
_cby Katherine V.W. Stone.
_n2003 Supplement
264 _aNew York :
_bFoundation Press,
_c2003.
300 _axi, 142 pages ;
_c27 cm.
336 _atext
_2rdacontent
337 _aComputer
_2rdamedia
338 _aOnline Resource
_2rdacarrier
440 0 _aUniversity casebook series
650 0 _aDispute resolution (Law)
_zUnited States
_vCases.
650 0 _aMediation
_zUnited States
_vCases.
650 0 _aArbitration and award
_zUnited States
_vCases.
856 4 0 _uhttps://fll.law.cu.edu.eg/fulltext/bks/ENGB12-00090.pdf
905 _a10
942 _2ddc
_cBK
_e21
_n0
999 _c66011
_d66011